| 000 | 00946nas a2200289 4500 | ||
|---|---|---|---|
| 001 | BR0704819 | ||
| 003 | BR-BrBNA | ||
| 005 | 20231205110939.0 | ||
| 007 | ta | ||
| 008 | 230509b bl.|||p| |||| 00| 00por d | ||
| 040 |
_aBR-BrBNA _bpor _cBiblioteca Nacional de Agricultura |
||
| 041 | _a(Pt) | ||
| 072 | _aJ11; Q02 | ||
| 100 | 1 | _aBorges, v.B. | |
| 100 | 1 | _aMiranda, Z.B. | |
| 100 | 1 | _aVital, H. de C. | |
| 100 | 1 | _aRocha, C.A. da R. | |
| 245 | 1 | _aEliminação ou inativação de fungos do gênero Aspergillus em amendoim (Arachis hypoea, L.), e o aumento de sua vida de prateleira, quando tratado com radiação gama | |
| 650 | _aAMENDOIM | ||
| 650 | _aPRESERVAÇÃO DE ALIMENTO | ||
| 650 | _aRAIO GAMA | ||
| 650 | _aVIDA-DE-PRATELEIRA | ||
| 650 | _aFUNGO | ||
| 773 | 0 |
_tHigiene Alimentar (Brazil) _xISSN 0101-9171 _g(Jun 2007), v. 21(152) p. 61-68 _wBR0704819 |
|
| 909 |
_a202311 _bLúcia _c55 _dLúcia Elande |
||
| 942 |
_2AGRIS _n0 _cANA |
||
| 999 |
_c189891 _d189891 |
||